000 00759cab a2200217 4500
001 X86282
008 090401t1997 xxu||||| |||| 00| 0 eng d
035 _a(Sirsi) u80693
041 _aeng
245 _aFitzpatrick v Sterling Housing Association ltd
260 _c1997
350 _a0
490 _aNew Property Cases
_v[1997] NPC 118 (2)
520 _aCA 23 July 1997. A stable homosexual relationship does not constitute a family for the purposes of succession to a statutory tenancy. NOT TO BE PHOTOCOPIED.
650 _aFITZPATRICK V STERLING HOUSING ASSOCIATION LTD
650 _aHOMOSEXUAL RELATIONSHIP
650 _aSTATUTORY TENANCY
690 _aLANDLORD AND TENANT-CASE LAW-RESIDENTIAL TENANCIES
942 _n0
948 _c05/09/1997
999 _c50803
_d50803